00487nam a2200121Ia 4500008004100000041000800041082002100049100002900070245004800099260005400147999001900201952014500220230411s9999 xx 000 0 und d aeng aX/891/MAL/B01343 aDeshpande Malati9176913 aShree Shikshanache Pranete - Maharshi Karve bMaharshi Karve Stree Shikshan SamsthaaPunec1997 c152663d152663 001040708XaBTINbBTINd2003-05-07eDonatedg25.00l0oX 891 MAL B01343pBTIN-BK-1343r2023-04-11 00:00:00v25.00w2003-05-07yBKzB01343